000 00713nam a22002297a 4500
003 LK-CoDNM
005 20241002142038.0
008 241002b |||||||| |||| 00| 0 eng d
040 _aLK-CoDNM
_dLK-CoDNM
_eLK-CoDNM
041 _aeng
080 _a104
_bNN12
245 _aProgress report of the Archaeological survey of India Western circle
250 _aFor the year ending 31st March 1920
260 _aCalcutta
_bThe Baptist Mission press
_c1921
300 _b111p. : ill ; 30 cm
500 _aPart III
650 _aProgress report of the Archaeological survey of India Western circle
650 _aFor the year ending 31st March 1919
650 _aPart III
650 _a104 NN12
942 _cBK
999 _c217331
_d217331